| 000 | 00923cam a2200253Ma 4500 | ||
|---|---|---|---|
| 005 | 20180312142005.0 | ||
| 008 | 140729s2006 xxua gr 000 j eng d | ||
| 020 | _a0439833124 | ||
| 020 | _a9780439833127 | ||
| 040 |
_aCO-BoUCM _bspa _cJose A. Gerena _dJose A. Gerena |
||
| 041 | 0 | _aeng | |
| 100 | 1 |
_aHerman, Emmi S. _963406 |
|
| 245 | 1 | 0 |
_aWe all fall for apples _cEmmi S. Herman ; ilustraciones Anne Kennedy |
| 260 |
_aNueva York (Estados Unidos) _bScholastic _c2006 |
||
| 300 |
_a[32] páginas _bilustraciones a color |
||
| 490 | 1 |
_aScholastic reader _aLevel 1 |
|
| 650 | 7 |
_aLibros ilustrados para niños _918516 |
|
| 650 | 7 |
_aLibros y lectura para niños _918524 |
|
| 650 | 7 |
_aLiteratura infantil estadounidense _918685 |
|
| 690 |
_942862 _aLiteratura estadounidense |
||
| 700 | 1 |
_aKennedy, Anne _eilustrador _963407 |
|
| 942 |
_a18 _cLIBRO _e1 _mH551 _2DEWEY _h818.54 _n0 |
||
| 999 |
_c240577 _d240577 |
||